Score 0/10 Timer 04:00
0 Plays Today
Rank Name % Correct
1Berlin
100%
2Hamburg
99.3%
3Münich
99.3%
5Frankfurt
94.9%
4Cologne
92.6%
6Stuttgart
84.6%
7Düsseldorf
83.8%
8Dortmund
80.9%
10Leipzig
80.9%
9Essen
72.1%
Remove Ads.
Support Sporcle.
Get the best of Sporcle when you Go Orange. This ad-free experience offers more features, more stats, and more fun while also helping to support Sporcle. Thank you for becoming a member.

You're not logged in!

Compare scores with friends on all Sporcle quizzes.
OR
Log In

Show Comments

Extras

Top Quizzes Today


Score Distribution

Your Account Isn't Verified!

In order to create a playlist on Sporcle, you need to verify the email address you used during registration. Go to your Sporcle Settings to finish the process.

Report this User

Report this user for behavior that violates our Community Guidelines.

Details: